[Event "5th Classic Open 2013"]
[Site "London ENG"]
[Date "2013.12.14"]
[Round "8.30"]
[White "Okike, David"]
[Black "Richardson, John R"]
[Result "0-1"]
[BlackTitle "FM"]
[WhiteElo "2150"]
[BlackElo "2340"]
[WhiteFideId "8500134"]
[BlackFideId "401617"]
[EventDate "2013.12.07"]

1. e4 d5 2. exd5 Qxd5 3. Nc3 Qa5 4. d4 Nf6 5. Nf3 c6 6. Bc4 Bg4 7. h3 Bh5 8. Bd2
Nbd7 9. a3 e6 10. O-O Qc7 11. b4 Bd6 12. Re1 O-O 13. Bd3 e5 14. g4 Bg6 15. Bf1
exd4 16. Nxd4 Rad8 17. Qc1 Bh2+ 18. Kh1 Nb6 19. Nf3 Bd6 20. Bg5 Rfe8 21. Rd1 Rd7
22. Rb1 Nbd5 23. Nxd5 Nxd5 24. Rb3 h6 25. Bd2 Nf6 26. c4 c5 27. Be3 Red8 28. Re1
b6 29. Bg2 Re8 30. Rd1 Be4 31. Nh4 Bxg2+ 32. Kxg2 Qc6+ 33. f3 Bf8 34. b5 Qe6 35.
Rf1 Red8 36. Nf5 Rd3 37. Qc2 Rxb3 38. Qxb3 Qd7 39. Rf2 Qe6 40. Qc3 Re8 41. Bc1
Kh7 42. Ng3 Qd7 43. Rd2 Qc7 44. Bb2 Qf4 45. Qd3+ Kg8 46. Nf1 Re6 47. Re2 Rxe2+
48. Qxe2 Bd6 49. Qc2 Ne8 50. Qc3 h5 51. Qe3 Kf8 52. Qc3 hxg4 53. hxg4 Qh6 54.
Qd3 Qe6 55. Bc1 Be5 56. Be3 Nd6 57. Nd2 f5 58. f4 Bb2 59. gxf5 Nxf5 60. Bf2 Bd4
61. Nf3 Qg6+ 62. Kh2 Bxf2 63. Qd8+ Qe8 64. Qg5 Nd4 65. Qg4 Nxf3+ 66. Qxf3 Bd4
67. a4 Qd7 68. Kg2 Bf6 69. Kg3 Kg8 70. Qe2 Qe7 71. Qf3 Bd4 72. Kg4 g6 73. Qc6
Kg7 74. Qf3 Qe6+ 75. f5 0-1

[Event "5th Classic Open 2013"]
[Site "London ENG"]
[Date "2013.12.14"]
[Round "8.31"]
[White "Willmoth, Robert F"]
[Black "Bates, Richard A"]
[Result "1/2-1/2"]
[BlackTitle "IM"]
[WhiteElo "2157"]
[BlackElo "2338"]
[WhiteFideId "402540"]
[BlackFideId "403555"]
[EventDate "2013.12.07"]

1. Nf3 Nf6 2. g3 g6 3. Bg2 Bg7 4. O-O O-O 5. d4 d6 6. c4 Nbd7 7. Nc3 e5 8. dxe5
dxe5 9. Qc2 c6 10. Rd1 Qe7 11. b3 h6 12. e4 Re8 13. Bb2 Nh7 14. Qd2 Ng5 15. Nxg5
hxg5 16. Bh3 Nf8 17. Bxc8 Raxc8 18. Qd6 Qxd6 19. Rxd6 Rcd8 20. Rad1 Ne6 21. Rxd8
Rxd8 22. Rxd8+ Nxd8 23. f3 Ne6 24. Ne2 Nc5 25. Ba3 Ne6 26. Bd6 f6 27. Kf2 Bf8
28. Bxf8 Kxf8 29. Ke3 Ke7 30. b4 Kd6 31. c5+ Ke7 1/2-1/2

[Event "5th Classic Open 2013"]
[Site "London ENG"]
[Date "2013.12.14"]
[Round "8.32"]
[White "Williamson, Roger G"]
[Black "Wall, Gavin"]
[Result "1/2-1/2"]
[BlackTitle "IM"]
[WhiteElo "2150"]
[BlackElo "2328"]
[WhiteFideId "414620"]
[BlackFideId "2501244"]
[EventDate "2013.12.07"]

1. d4 f5 2. e4 fxe4 3. Nc3 Nf6 4. Bg5 Nc6 5. d5 Ne5 6. Qe2 c6 7. O-O-O Nxd5 8.
Nxd5 Nf7 9. h4 cxd5 10. Rxd5 b6 11. f3 Bb7 12. fxe4 Bxd5 13. exd5 Qc7 14. Nf3 g6
15. Qe4 Nxg5 16. hxg5 Qd6 17. Ne5 Bg7 18. Nc4 Qg3 19. d6 O-O 20. dxe7 Rfe8 21.
Qd5+ Kh8 22. Bd3 Rac8 23. Bxg6 h6 24. Bxe8 Rxe8 25. gxh6 Bf6 26. Qf7 Qf4+ 27.
Kb1 Rxe7 28. Qd5 Qh4 29. Rd1 Qxh6 30. g4 Qh4 31. a4 Qxg4 32. Qh1+ Rh7 33. Qa8+
Qg8 34. Qxg8+ Kxg8 35. Nd6 Rh4 36. Nc8 Rxa4 37. Rxd7 Rb4 1/2-1/2

[Event "5th Classic Open 2013"]
[Site "London ENG"]
[Date "2013.12.14"]
[Round "8.33"]
[White "Gislason, Gudmundur"]
[Black "Lee, Kai Jie Edward"]
[Result "1-0"]
[WhiteTitle "FM"]
[WhiteElo "2318"]
[BlackElo "2145"]
[WhiteFideId "2300559"]
[BlackFideId "5802920"]
[EventDate "2013.12.07"]

1. d4 Nf6 2. g3 e6 3. Bg2 c5 4. c3 d5 5. Nf3 Nc6 6. O-O Be7 7. b3 O-O 8. Bb2 b6
9. e3 Qc7 10. Nbd2 Rd8 11. Qc2 Ba6 12. Rfc1 Rac8 13. Qb1 Qb8 14. a4 Nd7 15. e4
cxd4 16. exd5 dxc3 17. dxc6 cxb2 18. Qxb2 Bf6 19. Qc2 Nc5 20. b4 Bd3 21. Qa2
Bxa1 22. Qxa1 Na6 23. b5 Nc7 24. Qc3 f6 25. Bh3 Bg6 26. Nd4 Bf7 27. Re1 Re8 28.
Bg2 Rcd8 29. Nc4 Qc8 30. Nc2 e5 31. N2e3 Rd4 32. f4 Qd8 33. fxe5 fxe5 34. Bf1
Nd5 35. Nxd5 Qxd5 36. Ne3 Qd8 37. Nf5 Rd5 38. Bc4 Rc5 39. Bxf7+ Kxf7 40. Qf3 Kg8
41. Rd1 Qf6 42. Qb3+ Kh8 43. Nd6 Rf8 44. Ne4 Qf5 45. Nxc5 Qf2+ 46. Kh1 bxc5 47.
Qc3 e4 48. Qe1 Qc2 49. c7 e3 50. Rd8 Qe4+ 51. Kg1 Qe7 52. Rxf8+ Qxf8 53. Qxe3
Qc8 54. Qe7 1-0

[Event "5th Classic Open 2013"]
[Site "London ENG"]
[Date "2013.12.14"]
[Round "8.34"]
[White "Chapman, Terry P D"]
[Black "Hebbes, Tim"]
[Result "1-0"]
[WhiteTitle "FM"]
[WhiteElo "2309"]
[BlackElo "2104"]
[WhiteFideId "413399"]
[BlackFideId "406570"]
[EventDate "2013.12.07"]

1. Nf3 c5 2. c4 Nc6 3. d4 cxd4 4. Nxd4 Nf6 5. Nc3 e6 6. a3 Be7 7. e4 O-O 8. Nf3
d6 9. Be2 b6 10. O-O Bb7 11. Bf4 Rc8 12. Rc1 a6 13. Re1 Qc7 14. Bf1 Qb8 15. b4
Rfd8 16. Qb3 Nd7 17. Be3 Bf6 18. Red1 Nce5 19. Be2 Nxf3+ 20. Bxf3 Bc6 21. a4 Bb7
22. Ne2 Qc7 23. Ng3 Be5 24. Nf1 Nf6 25. Qb1 Nd7 26. h3 h6 27. Nd2 Bf6 28. Be2
Qb8 29. f4 Qa8 30. Qd3 Be7 31. Bf3 Bc6 32. Ra1 Bb7 33. Rdb1 Rb8 34. Kh1 Bc6 35.
Qe2 Nf6 36. Bf2 Nd7 37. b5 Bb7 38. a5 Bf6 39. e5 dxe5 40. Bxb7 Qxb7 41. bxa6
Qxa6 42. axb6 Qb7 43. Ra7 Qc6 44. Rc7 Qd6 45. Rxd7 Qxd7 46. Ne4 Be7 47. fxe5 Qc6
48. c5 Rd5 49. Qf3 Qa4 50. Nd6 f6 51. exf6 Bxf6 52. b7 Qc2 53. Qe4 Rd1+ 54. Rxd1
Qxd1+ 55. Kh2 Qb3 56. c6 Qc3 57. Bg3 Kh8 58. Nf7+ 1-0

[Event "5th Classic Open 2013"]
[Site "London ENG"]
[Date "2013.12.14"]
[Round "8.35"]
[White "Farrand, Tom"]
[Black "Franklin, Samuel G A"]
[Result "0-1"]
[BlackTitle "FM"]
[WhiteElo "2149"]
[BlackElo "2306"]
[WhiteFideId "406457"]
[BlackFideId "468576"]
[EventDate "2013.12.07"]

1. e4 e5 2. Nf3 Nc6 3. d4 exd4 4. Bc4 Bc5 5. c3 Nf6 6. cxd4 Bb4+ 7. Bd2 Bxd2+ 8.
Nbxd2 d5 9. exd5 Nxd5 10. Qb3 Na5 11. Qa4+ Nc6 12. Qb3 Nce7 13. O-O O-O 14. Rfe1
c6 15. Ne4 Qb6 16. Nc5 Rd8 17. Rac1 Qxb3 18. Bxb3 Kf8 19. g3 h6 20. h4 Nc7 21.
Ne5 Ned5 22. a4 Rb8 23. h5 Ne6 24. Nxe6+ Bxe6 25. Ng6+ fxg6 26. Rxe6 gxh5 27.
Re5 Nf6 28. d5 cxd5 29. Rc7 Rd7 30. Rxd7 Nxd7 31. Rxd5 Nf6 32. Rc5 Rd8 33. Rc7
Rd7 34. Rxd7 Nxd7 35. a5 Nf6 36. Be6 Ke7 37. Bc8 b6 38. axb6 axb6 39. Bf5 Kd6
40. Kg2 Kd5 41. b3 Ne4 42. Bg6 h4 43. gxh4 Ke5 44. Be8 Kf4 45. Bd7 Nc5 0-1

[Event "5th Classic Open 2013"]
[Site "London ENG"]
[Date "2013.12.14"]
[Round "8.36"]
[White "Green, Andrew D"]
[Black "Persson, Mats"]
[Result "1/2-1/2"]
[WhiteElo "2148"]
[BlackElo "2250"]
[WhiteFideId "2401762"]
[BlackFideId "1708333"]
[EventDate "2013.12.07"]

1. d4 Nf6 2. c4 e6 3. Nc3 Bb4 4. Qc2 d5 5. cxd5 exd5 6. Bg5 h6 7. Bh4 O-O 8. e3
c5 9. dxc5 Bxc3+ 10. Qxc3 g5 11. Bg3 Ne4 12. Qa3 Nd7 13. f3 Nxg3 14. hxg3 Kg7
15. Qc3+ f6 16. Rd1 Qc7 17. Ne2 Qxc5 18. Qxc5 Nxc5 19. Rxd5 b6 20. Nd4 Re8 21.
Kf2 Re5 22. Rd6 Nb7 23. Rc6 Rc5 24. Ba6 Rxc6 25. Nxc6 Nc5 26. Bxc8 Rxc8 27. Ne7
Rc7 28. Nf5+ Kg6 29. g4 Rh7 30. Ke2 Na4 31. Rb1 h5 32. Ng3 hxg4 33. fxg4 Rc7 34.
Kd2 Rd7+ 1/2-1/2

[Event "5th Classic Open 2013"]
[Site "London ENG"]
[Date "2013.12.14"]
[Round "8.39"]
[White "Smith, Andrew Philip"]
[Black "Balint, Vilmos"]
[Result "0-1"]
[WhiteTitle "FM"]
[WhiteElo "2132"]
[BlackElo "2214"]
[WhiteFideId "2500833"]
[BlackFideId "718050"]
[EventDate "2013.12.07"]

1. e4 e5 2. d4 exd4 3. Qxd4 Nc6 4. Qe3 Nf6 5. Nc3 Bb4 6. Bd2 O-O 7. O-O-O Re8 8.
Qg3 Rxe4 9. a3 Bd6 10. f4 Re8 11. Bd3 Bf8 12. Nf3 a6 13. Rhe1 Rxe1 14. Rxe1 d5
15. Ne5 Qd6 16. Qh4 g6 17. Nxd5 Nxd5 18. Nxf7 Kxf7 19. Qxh7+ Bg7 20. Re8 Kxe8
21. Qxg7 Nce7 22. Qh8+ Kf7 23. Qh7+ Kf8 24. f5 Bxf5 25. Bh6+ Ke8 26. Qh8+ Kd7
27. Qxa8 Bxd3 28. cxd3 Qc6+ 29. Kb1 Nc8 30. g3 Ndb6 31. Qb8 Qh1+ 32. Ka2 Qd5+
33. Ka1 g5 34. h4 gxh4 35. gxh4 Qg2 36. Bg5 Na4 37. Bc1 Qc2 38. Qxb7 Qxc1+ 39.
Ka2 Qxb2+ 40. Qxb2 Nxb2 41. Kxb2 Ne7 42. Kc3 Nd5+ 43. Kb3 Nf4 44. Kc4 Kd6 45.
Kd4 c5+ 46. Kc4 Ng2 47. h5 Ne3+ 48. Kc3 Nf5 49. Kc4 Kc6 50. Kb3 Kd5 51. Kc3 Nh6
52. Kd2 Kd4 53. Kc2 a5 54. Kd2 a4 55. Kc2 Ng8 56. Kd2 c4 57. dxc4 Kxc4 58. Kc2
Nh6 59. Kb2 Kd3 60. Kb1 Kc3 61. Ka2 Kc2 62. Ka1 Kb3 63. Kb1 Nf5 64. Ka1 Kxa3 65.
Kb1 Kb3 66. Ka1 a3 67. Kb1 a2+ 68. Ka1 Ne3 69. h6 Nc2# 0-1

[Event "5th Classic Open 2013"]
[Site "London ENG"]
[Date "2013.12.14"]
[Round "8.43"]
[White "Bukojemski, Adam"]
[Black "Hill, Alistair"]
[Result "1/2-1/2"]
[WhiteElo "2243"]
[BlackElo "2097"]
[WhiteFideId "1114620"]
[BlackFideId "432407"]
[EventDate "2013.12.07"]

1. d4 Nf6 2. g3 g6 3. Bg2 Bg7 4. e4 d6 5. Ne2 O-O 6. Nbc3 c5 7. h3 cxd4 8. Nxd4
Nc6 9. Bg5 Nxd4 10. Qxd4 h6 11. Bc1 Be6 12. Qd2 Qc7 13. Ne2 Rac8 14. c3 Bc4 15.
O-O 1/2-1/2

[Event "5th Classic Open 2013"]
[Site "London ENG"]
[Date "2013.12.14"]
[Round "8.45"]
[White "Tsifanskaya, Ludmila A"]
[Black "Britton, Richard L"]
[Result "0-1"]
[WhiteTitle "WIM"]
[BlackTitle "FM"]
[WhiteElo "2093"]
[BlackElo "2231"]
[WhiteFideId "2802368"]
[BlackFideId "401692"]
[EventDate "2013.12.07"]

1. Nf3 Nf6 2. g3 g6 3. Bg2 Bg7 4. O-O O-O 5. d4 d6 6. b3 a5 7. Bb2 a4 8. c4 Nbd7
9. d5 Nb6 10. Na3 Bd7 11. Re1 e5 12. dxe6 fxe6 13. Nc2 Qe7 14. e4 e5 15. c5 dxc5
16. Bxe5 Bg4 17. Bb2 Nfd7 18. Bxg7 Qxg7 19. e5 Nxe5 20. Rxe5 Bxf3 21. Qe1 Bxg2
22. Kxg2 axb3 23. axb3 Rxa1 24. Nxa1 c4 25. bxc4 Nxc4 26. Re7 Qd4 27. Nc2 Qd5+
28. Qe4 Qxe4+ 29. Rxe4 Nd6 30. Rb4 Rb8 31. Ne3 b5 32. g4 c5 33. Rb2 b4 34. Rd2
Rb6 35. Nd5 Ra6 36. Rc2 b3 37. Rxc5 b2 38. Nc3 Ra3 39. Nb1 Ra1 40. Nd2 Rd1 41.
Rc2 Rxd2 42. Rxd2 b1=Q 43. Rxd6 Qe4+ 44. Kf1 Qc4+ 45. Kg1 Qxg4+ 46. Kf1 Qf4 0-1

[Event "5th Classic Open 2013"]
[Site "London ENG"]
[Date "2013.12.14"]
[Round "8.46"]
[White "Bird, Andrew"]
[Black "Donovan, Nigel P"]
[Result "1/2-1/2"]
[WhiteElo "2229"]
[BlackElo "2033"]
[WhiteFideId "3204502"]
[BlackFideId "403822"]
[EventDate "2013.12.07"]

1. Nf3 c5 2. c4 Nf6 3. Nc3 Nc6 4. g3 g6 5. Bg2 Bg7 6. d4 cxd4 7. Nxd4 O-O 8. O-O
Nxd4 9. Qxd4 d6 10. Qd3 a6 11. Rd1 Rb8 12. c5 Bf5 13. e4 Bg4 14. f3 Be6 15. cxd6
exd6 16. Qxd6 Qa5 17. Be3 Rbc8 18. Bb6 Qh5 19. Qd2 Nd7 20. g4 Qh4 21. Qf2 Qxf2+
22. Bxf2 Bxc3 23. bxc3 Rxc3 24. Bd4 Rc2 25. a4 Nc5 26. Ra3 Rd8 27. Raa1 Bb3 28.
Bxc5 Rxd1+ 29. Rxd1 Rxg2+ 30. Kxg2 Bxd1 31. a5 g5 32. Be7 h6 33. Kg3 Kg7 34. e5
Kg6 35. h4 Be2 36. h5+ Kg7 37. Kf2 Bd1 38. Bd6 Kg8 39. Kg3 Kg7 40. f4 gxf4+ 41.
Kxf4 Be2 42. Be7 Bd1 43. Bf6+ Kh7 44. Kg3 Be2 45. Kh4 Bd1 46. Be7 Kg7 47. g5
hxg5+ 48. Kxg5 Bb3 49. h6+ Kh7 50. Bf8 Be6 51. Kf6 Bb3 52. Bg7 Be6 53. Ke7 Bb3
54. Kd6 Be6 55. Kc7 Bd5 56. Bf8 Kg6 57. Kd6 Be6 58. Bg7 1/2-1/2

[Event "5th Classic Open 2013"]
[Site "London ENG"]
[Date "2013.12.14"]
[Round "8.47"]
[White "Puccini, Jack"]
[Black "Steil-Antoni, Fiona"]
[Result "1/2-1/2"]
[WhiteTitle "CM"]
[BlackTitle "WIM"]
[WhiteElo "2073"]
[BlackElo "2190"]
[WhiteFideId "3213307"]
[BlackFideId "4001249"]
[EventDate "2013.12.07"]

1. e4 c6 2. d4 d5 3. Nc3 dxe4 4. Nxe4 a6 5. Nf3 Bg4 6. c3 e6 7. h3 Bh5 8. Bf4
Nf6 9. Bd3 Nxe4 10. Bxe4 Nd7 11. Qb3 Qb6 12. Qxb6 Nxb6 13. O-O-O Nd5 14. Bh2 Nf6
15. Bc2 Bxf3 16. gxf3 O-O-O 17. Rhg1 g6 18. Be5 Bg7 19. Bxf6 Bxf6 20. Be4 Rd6
21. Kc2 Rhd8 22. a3 Kc7 23. Rge1 b5 24. Rg1 a5 25. Rge1 Kb6 26. Rg1 Bh4 27. Rgf1
a4 28. Kc1 e5 29. dxe5 Rxd1+ 30. Rxd1 Rxd1+ 31. Kxd1 Bxf2 32. e6 fxe6 33. Kc2 c5
34. Bd3 Kc6 35. Kd1 Bh4 36. Kc1 Be7 37. Kc2 b4 38. cxb4 cxb4 39. axb4 Bxb4 40.
Bc4 e5 41. Bg8 g5 1/2-1/2

[Event "5th Classic Open 2013"]
[Site "London ENG"]
[Date "2013.12.14"]
[Round "8.48"]
[White "Prior, Stephen C V"]
[Black "Josse, Mark"]
[Result "0-1"]
[WhiteElo "2031"]
[BlackElo "2173"]
[WhiteFideId "423378"]
[BlackFideId "414476"]
[EventDate "2013.12.07"]

1. e4 c5 2. Nf3 e6 3. d4 cxd4 4. Nxd4 a6 5. g3 d5 6. e5 Nc6 7. Nxc6 bxc6 8. Bg2
Qc7 9. O-O Qxe5 10. Re1 Qd6 11. c4 Be7 12. Bf4 Qd8 13. Nc3 Nf6 14. Qe2 O-O 15.
Rad1 Re8 16. Be5 Bb7 17. Ne4 Nxe4 18. Bxe4 Bf6 19. Qc2 g6 20. Bc3 Kg7 21. Re3
Bxc3 22. Rxc3 a5 23. Qa4 Qe7 24. Bg2 Qb4 25. Qc2 a4 26. a3 Qd6 27. c5 Qc7 28.
Rd4 Qe5 29. Qd1 Ra7 30. Re3 Qf6 31. Rxa4 Rxa4 32. Qxa4 Qxb2 33. Rb3 Qc1+ 34. Bf1
Qd1 35. Qb4 Bc8 36. Rb1 Qf3 37. a4 e5 38. a5 Bf5 39. Bg2 Qe2 40. Bf1 Qg4 41.
Qxg4 Bxg4 42. Rb6 d4 43. Rxc6 e4 44. h3 Bf3 45. Bg2 Be2 46. Bf1 d3 47. Rb6 Re5
48. Rb2 Bxf1 49. Kxf1 Rxc5 50. Ra2 Rc1+ 51. Kg2 Rc2 52. Ra1 e3 53. a6 d2 54. a7
e2 55. a8=Q e1=Q 56. Rd1 Qxd1 57. Qb8 Qe1 0-1

[Event "5th Classic Open 2013"]
[Site "London ENG"]
[Date "2013.12.14"]
[Round "8.49"]
[White "Vachtfeidl, Petr"]
[Black "Sathyanandha, Saravanan"]
[Result "0-1"]
[WhiteElo "1985"]
[BlackElo "2144"]
[WhiteFideId "315028"]
[BlackFideId "470929"]
[EventDate "2013.12.07"]

1. e4 e6 2. d4 d5 3. Nc3 Nf6 4. e5 Nfd7 5. f4 c5 6. Nf3 Nc6 7. Be3 Be7 8. Qd2
O-O 9. Be2 a6 10. O-O b5 11. a3 Qb6 12. Nd1 a5 13. c3 a4 14. Bd3 Na5 15. Qe2 Ba6
16. Ng5 Bxg5 17. fxg5 b4 18. Bxh7+ Kxh7 19. Qh5+ Kg8 20. Rf3 Be2 21. g6 fxg6 22.
Rxf8+ Rxf8 23. Qxe2 Nb3 24. dxc5 Qb8 25. Rb1 bxa3 26. bxa3 Nd4 27. Bxd4 Qxb1 28.
c6 Nb8 29. Qg4 Qf5 30. Qxf5 gxf5 31. Nb2 Nxc6 32. Nxa4 Ra8 33. Nc5 Nxd4 34. cxd4
Rxa3 35. Nxe6 Kf7 36. Ng5+ Kg6 37. Nf3 f4 38. h3 Kf5 39. Kh2 g5 40. Kg1 g4 41.
hxg4+ Kxg4 42. Kh2 Ra4 43. e6 Ra6 44. Ne5+ Kf5 45. e7 Ra8 46. Nc6 Re8 47. Kg1
Ke6 48. Kf2 Kd6 49. Ne5 Rxe7 50. Ng6 Re4 51. Kf3 Rxd4 52. Nxf4 Ke5 53. g3 Ra4
54. Ke3 d4+ 55. Ke2 Ke4 0-1

[Event "5th Classic Open 2013"]
[Site "London ENG"]
[Date "2013.12.14"]
[Round "8.50"]
[White "Haria, Ravi"]
[Black "Villiers, Thomas"]
[Result "1/2-1/2"]
[WhiteElo "2160"]
[BlackElo "2078"]
[WhiteFideId "415820"]
[BlackFideId "427209"]
[EventDate "2013.12.07"]

1. e4 d5 2. exd5 Qxd5 3. Nc3 Qa5 4. Rb1 e6 5. a3 Nf6 6. b4 Qe5+ 7. Be2 c6 8. d4
Qc7 9. Bf3 Bd6 10. Nge2 Bd7 11. g3 O-O 12. O-O e5 13. Bg5 Bh3 14. Re1 Nbd7 15.
d5 h6 16. Bxf6 Nxf6 17. dxc6 bxc6 18. Qd3 Rfe8 19. Ne4 Nxe4 20. Qxe4 Rac8 21. c4
Be6 22. c5 f5 23. Qe3 Be7 24. Nc3 Bf6 25. Red1 e4 26. Bg2 f4 27. gxf4 Bxc3 28.
Qxc3 Qxf4 29. Qg3 Rf8 30. Rd6 Bd5 31. Rd7 Qxg3 32. hxg3 Rf7 33. Rxf7 Kxf7 34.
Re1 Re8 35. Re3 g5 36. Kf1 Kf6 37. f3 Ke5 38. fxe4 Kd4 39. Ke2 Bxe4 40. Rxe4+
Rxe4+ 41. Bxe4 Kxe4 42. b5 Kd5 43. b6 axb6 44. cxb6 Kd6 45. g4 c5 46. a4 c4 47.
a5 Kc6 48. Ke3 c3 49. Kd3 h5 50. gxh5 g4 51. h6 g3 52. h7 g2 53. h8=Q g1=Q 54.
Qxc3+ Kb5 55. Kc2 Qg2+ 56. Qd2 Qc6+ 57. Qc3 Qg2+ 58. Kd3 Qf3+ 59. Kd2 Qf2+ 60.
Kd1 Ka6 61. Qd2 Qf1+ 62. Kc2 Qc4+ 63. Kb2 Qb5+ 64. Ka3 Qc5+ 65. Qb4 Qc1+ 66. Kb3
Qb1+ 67. Kc3 Qe1+ 68. Kc4 Qe4+ 69. Kc5 Qe7+ 70. Kc4 Qe4+ 1/2-1/2

[Event "5th Classic Open 2013"]
[Site "London ENG"]
[Date "2013.12.14"]
[Round "8.51"]
[White "Sellmair, Reinhard"]
[Black "Coleman, David J"]
[Result "1/2-1/2"]
[BlackTitle "CM"]
[WhiteElo "1988"]
[BlackElo "2257"]
[WhiteFideId "12946990"]
[BlackFideId "402087"]
[EventDate "2013.12.07"]

1. e4 d5 2. exd5 Qxd5 3. Nc3 Qa5 4. d4 c6 5. Nf3 Nf6 6. Ne5 Bf5 7. Bc4 e6 8. g4
Bg6 9. h4 Nbd7 10. Nxd7 Kxd7 11. h5 Be4 12. Rh3 Bg2 13. Re3 Qc7 14. Rg3 Bd5 15.
Bxd5 exd5 16. Bg5 Re8+ 17. Kf1 Ne4 18. Nxe4 Rxe4 19. Re3 h6 20. Rxe4 dxe4 21.
Be3 Qh2 22. Ke2 Bd6 23. Qh1 Qxh1 24. Rxh1 Rf8 25. Rg1 f6 1/2-1/2

[Event "5th Classic Open 2013"]
[Site "London ENG"]
[Date "2013.12.14"]
[Round "8.52"]
[White "Boger, Raymond"]
[Black "Berry, Neil"]
[Result "0-1"]
[BlackTitle "FM"]
[WhiteElo "1937"]
[BlackElo "2242"]
[WhiteFideId "1507419"]
[BlackFideId "2400650"]
[EventDate "2013.12.07"]

1. c4 Nf6 2. g3 c6 3. Bg2 d5 4. Nf3 dxc4 5. O-O Nbd7 6. Qc2 Nb6 7. Na3 Be6 8.
Ng5 Bg4 9. Re1 h6 10. Ne4 Nxe4 11. Qxe4 Be6 12. Qc2 g6 13. b3 Bg7 14. Bb2 cxb3
15. axb3 Bxb2 16. Qxb2 O-O 17. d3 Qd7 18. Nc4 Rfd8 19. Reb1 Bd5 20. Ne5 Qd6 21.
Ng4 h5 22. Nh6+ Kh7 23. Qd2 Qf6 24. g4 Bxg2 25. g5 Qe6 26. Kxg2 Rd4 27. Qe3 Qxe3
28. fxe3 Rd5 29. h4 f6 30. e4 Rb5 31. d4 Kg7 32. Rf1 a6 33. e5 f5 34. e4 e6 35.
Rf3 Rb4 36. Raf1 Rf8 37. d5 Rxe4 38. dxc6 bxc6 39. Rc3 Rc8 40. Rfc1 Rxe5 41.
Rxc6 Rxc6 42. Rxc6 Nd5 43. Rxa6 Re2+ 44. Kf1 Re3 45. Ra7+ Kf8 46. Rb7 e5 47. Nf7
e4 48. Ne5 Nf4 49. Kf2 Rc3 50. Rb6 e3+ 51. Kg1 Rc1+ 52. Kh2 e2 0-1

[Event "5th Classic Open 2013"]
[Site "London ENG"]
[Date "2013.12.14"]
[Round "8.53"]
[White "Ociepka, Adrian"]
[Black "Wood, Peter R"]
[Result "1-0"]
[WhiteElo "2157"]
[BlackElo "1970"]
[WhiteFideId "1141937"]
[BlackFideId "422215"]
[EventDate "2013.12.07"]

1. e4 e6 2. d4 d5 3. Nc3 Nf6 4. e5 Ng8 5. Nf3 b6 6. Bd3 Ba6 7. O-O Qd7 8. Re1 c5
9. a4 Bxd3 10. Qxd3 Nc6 11. b3 Nh6 12. Bxh6 gxh6 13. Ne2 cxd4 14. Nexd4 Rc8 15.
c3 Be7 16. Qe3 Bf8 17. Ne2 Bg7 18. Ng3 O-O 19. Rad1 Qe7 20. Nh5 Kh8 21. Rd3 Rg8
22. Qf4 Rcf8 23. Rde3 Qd8 24. h4 Ne7 25. Rd3 Ng6 26. Qb4 Qb8 27. Qd4 Rd8 28. Qe3
Qc7 29. Nf6 Nxe5 30. Qxe5 Qxe5 31. Nxe5 Bxf6 32. Nxf7+ Kg7 33. Nxd8 Rxd8 34.
Rxe6 Bxh4 35. Re5 1-0

[Event "5th Classic Open 2013"]
[Site "London ENG"]
[Date "2013.12.14"]
[Round "8.54"]
[White "Tozer, Philip A A"]
[Black "Cannon, Raymond C"]
[Result "1-0"]
[WhiteElo "2141"]
[BlackElo "1975"]
[WhiteFideId "419982"]
[BlackFideId "408018"]
[EventDate "2013.12.07"]

1. c4 c5 2. g3 Nc6 3. Bg2 g6 4. Nc3 Bg7 5. Nf3 Nf6 6. d4 cxd4 7. Nxd4 O-O 8. O-O
Ng4 9. e3 f5 10. c5 Kh8 11. h3 Nge5 12. f4 Nf7 13. g4 fxg4 14. hxg4 Nxd4 15.
exd4 d6 16. Be3 dxc5 17. dxc5 Qxd1 18. Nxd1 Nd8 19. g5 Nc6 20. Rc1 Bd4 21. Bxc6
Bxe3+ 22. Nxe3 bxc6 23. Nc4 Ba6 24. Rf2 Bxc4 25. Rxc4 Rad8 26. Re2 Rb8 27. b3
Rb7 28. Re6 Rc7 29. Rce4 Rf7 30. Kf2 Kg7 31. Ke3 h6 32. gxh6+ Kxh6 33. Kd4 Kh5
34. R4e5+ Kg4 35. Rg5+ Kxf4 36. Rgxg6 Kf5 37. Rxc6 e5+ 38. Kd5 Rce7 39. Rg1 Rd7+
40. Rd6 Rfe7 41. Rf1+ Kg5 42. Rxd7 Rxd7+ 43. Kxe5 Rd2 44. Rg1+ Kh5 45. c6 Rc2
46. Kd6 Rd2+ 47. Ke7 Rxa2 48. c7 Re2+ 49. Kd7 Rd2+ 50. Kc6 Rc2+ 51. Kb7 1-0

[Event "5th Classic Open 2013"]
[Site "London ENG"]
[Date "2013.12.14"]
[Round "8.55"]
[White "Pienabarca, Nicola"]
[Black "Faldon, David J"]
[Result "0-1"]
[WhiteElo "2139"]
[BlackElo "1960"]
[WhiteFideId "806641"]
[BlackFideId "426016"]
[EventDate "2013.12.07"]

1. d4 d5 2. c4 e6 3. Nf3 c5 4. g3 cxd4 5. Bg2 Bb4+ 6. Bd2 Bxd2+ 7. Nbxd2 Nc6 8.
Qa4 Qf6 9. cxd5 exd5 10. O-O Ne7 11. Nb3 O-O 12. Nfxd4 Bd7 13. e3 Ne5 14. Qb4 b6
15. Rfd1 Bg4 16. Rf1 a5 17. Qb5 Nc4 18. Bxd5 Nd6 19. Bxf7+ Rxf7 20. Qxb6 Bh3 0-1

[Event "5th Classic Open 2013"]
[Site "London ENG"]
[Date "2013.12.14"]
[Round "8.56"]
[White "Schmitz, Tim"]
[Black "Maduekwe, Chiedu"]
[Result "0-1"]
[WhiteElo "1909"]
[BlackElo "2126"]
[WhiteFideId "1270221"]
[BlackFideId "8500118"]
[EventDate "2013.12.07"]

1. e4 e6 2. d4 d5 3. Nc3 Nf6 4. e5 Nfd7 5. f4 c5 6. Nf3 Nc6 7. Be3 Be7 8. Qd2
O-O 9. O-O-O c4 10. f5 b5 11. f6 gxf6 12. Bh6 b4 13. Qf4 Kh8 14. Ne2 Rg8 15. h4
Rb8 16. exf6 Bxf6 17. Ng5 Qe7 18. Ng3 Bb7 19. Be2 e5 20. dxe5 Ncxe5 21. Qf5 Rg6
22. Nxf7+ Nxf7 23. Bf4 Rbg8 24. Bh5 Rxg3 25. Bxg3 Rxg3 26. Rde1 Re3 27. Rxe3
Qxe3+ 28. Kb1 Qe5 29. Qxe5 Nfxe5 30. g3 Nc5 31. Rf1 Ne4 32. Kc1 Kg7 33. Bf3 Nxg3
34. Rg1 Bxh4 0-1

[Event "5th Classic Open 2013"]
[Site "London ENG"]
[Date "2013.12.14"]
[Round "8.57"]
[White "Warman, Simon M"]
[Black "Jacob, Sydney J"]
[Result "1/2-1/2"]
[WhiteElo "2119"]
[BlackElo "1907"]
[WhiteFideId "408867"]
[BlackFideId "419338"]
[EventDate "2013.12.07"]

1. e4 e6 2. d4 d5 3. Nd2 dxe4 4. Nxe4 Bd7 5. Nf3 Bc6 6. Bd3 Nd7 7. O-O Ngf6 8.
Ng3 Bxf3 9. Qxf3 c6 10. Re1 Be7 11. Qe2 O-O 12. Nf5 Bb4 13. c3 exf5 14. cxb4 Re8
15. Qd1 Qb6 16. Bd2 Qxd4 17. Qb3 Ng4 18. Qc2 Qxf2+ 19. Kh1 Qd4 20. Rf1 Nf2+ 21.
Rxf2 Qxf2 22. Rf1 Qd4 23. Bc3 Qd6 24. Bxf5 Nf6 1/2-1/2